WWE Champions by Year - 1994 - Statistics

General Stats
  • This quiz has been taken 237 times
  • The average score is 12 of 18
Answer Stats
Title Date Event Wrestler % Correct
WWE Championship March 20 WrestleMania X Bret Hart
99%
Tag Team August 28 House show Shawn Michaels
96%
WWE Championship November 26 House show Diesel
91%
Intercontinental April 30 Superstars Diesel
91%
Tag Team August 28 House show Diesel
91%
WWE Championship November 23 Survivor Series Bob Backlund
86%
Intercontinental August 29 SummerSlam Razor Ramon
85%
Tag Team March 29 House show Mo
60%
Tag Team March 29 House show Mabel
58%
Women's November 20 All-Japan Women's (AJW) event Bull Nakano
55%
Tag Team January 10 Raw Marty Jannetty
53%
Tag Team January 10 Raw The 1-2-3 Kid
53%
Tag Team January 17 House show Quebecer Jacques
52%
Tag Team March 31 House show Quebecer Jacques
52%
Tag Team January 17 House show Quebecer Pierre
52%
Tag Team March 31 House show Quebecer Pierre
52%
Tag Team April 26 Raw Fatu
44%
Tag Team April 26 Raw Samu
43%
No matching quizzes found
Score Distribution
Percent of People with Each Score
Percentile by Number Answered
Your Score History
You have not taken this quiz